[Event "Mittelfränkischer Schachkongress 2016"]
[Site "Nürnberg"]
[Date "2016.03.24"]
[Round "6.9"]
[White "Sattler, Stefan"]
[Black "Leis, Stefan"]
[Result "1/2-1/2"]
[WhiteElo "2087"]
[BlackElo "1970"]
[PlyCount "87"]
[EventDate "2016.??.??"]
[WhiteTeam "SK Herzogenaurach"]
[BlackTeam "SC Mühlhof-Reichelsdorf"]

1. e4 e6 2. d4 d5 3. Nc3 Bb4 4. exd5 exd5 5. Bd3 Nc6 6. Be3 Be6 7. a3 Bxc3+ 8.
bxc3 Nge7 9. Nf3 Qd7 10. Qe2 Qd6 11. Ng5 O-O-O 12. a4 Rde8 13. O-O h6 14. Nxe6
fxe6 15. a5 Nf5 16. Qg4 Qd7 17. Rfb1 Nd6 18. Bf4 e5 19. Qxd7+ Kxd7 20. Be3 e4
21. Be2 Ne7 22. Bg4+ Kc6 23. Rb4 Rhf8 24. Be2 Nef5 25. c4 Nxe3 26. fxe3 dxc4
27. Bxc4 Re7 28. Bb3 Kd7 29. Rf1 Rxf1+ 30. Kxf1 Re8 31. Ke2 Rf8 32. c4 c6 33.
Bc2 Re8 34. Ba4 Kc7 35. c5 Nf7 36. Rb1 Re7 37. Rf1 Ng5 38. Rf4 Nh7 39. Bc2 Nf6
40. g4 b6 41. axb6+ axb6 42. cxb6+ Kxb6 43. Kd2 c5 44. dxc5+ 1/2-1/2

[Event "Mittelfränkischer Schachkongress 2016"]
[Site "Nürnberg"]
[Date "2016.03.24"]
[Round "6.10"]
[White "Brenner, Christian"]
[Black "Rausch, Wolfgang sr"]
[Result "1-0"]
[WhiteElo "2037"]
[BlackElo "1862"]
[PlyCount "61"]
[EventDate "2016.??.??"]
[WhiteTeam "Zabo-Eintracht Nürnberg"]
[BlackTeam "SW Nürnberg Süd"]

1. d4 d5 2. Nf3 Nf6 3. c4 c6 4. g3 g6 5. Bg2 Bg7 6. Nc3 O-O 7. cxd5 cxd5 8. O-O
Nbd7 9. Ne5 e6 10. f4 Nb6 11. b3 Bd7 12. Ba3 Re8 13. Qd3 Nc8 14. g4 Bf8 15.
Bxf8 Rxf8 16. Qh3 Ne7 17. Bf3 Rc8 18. Rac1 Kg7 19. g5 Nfg8 20. Bg4 h5 21. Bxh5
gxh5 22. Qxh5 f5 23. gxf6+ Rxf6 24. Kh1 Be8 25. Rg1+ Ng6 26. Rg3 Bf7 27. Rcg1
N8e7 28. Ng4 Rxf4 29. Qh6+ Kg8 30. Ne5 Rf6 31. Rh3 1-0

[Event "Mittelfränkischer Schachkongress 2016"]
[Site "Nürnberg"]
[Date "2016.03.24"]
[Round "6.11"]
[White "Böhme, Markus"]
[Black "Balhar, Michael"]
[Result "1-0"]
[WhiteElo "1937"]
[BlackElo "1795"]
[PlyCount "101"]
[EventDate "2016.??.??"]
[WhiteTeam "SC Uttenreuth"]
[BlackTeam "SC Erlangen"]

1. d4 d5 2. c4 dxc4 3. Nf3 Nf6 4. e3 Bg4 5. Bxc4 e6 6. O-O Be7 7. Nc3 Nc6 8.
Qa4 O-O 9. Be2 Bh5 10. a3 a6 11. Rd1 b5 12. Qb3 Bg6 13. Bd3 Bxd3 14. Rxd3 Na5
15. Qc2 Nc4 16. Ne5 Bd6 17. Nxc4 Bxh2+ 18. Kxh2 bxc4 19. Rd1 Ng4+ 20. Kg3 Qg5
21. f4 Qh5 22. Qe2 f5 23. Bd2 Qh2+ 24. Kf3 Qh5 25. Rh1 Ne5+ 26. Kf2 Nd3+ 27.
Kg1 Qxe2 28. Nxe2 Nxb2 29. Kf2 Nd3+ 30. Kf3 Rab8 31. Rhb1 Rb6 32. Ba5 Rb5 33.
Bxc7 Rc8 34. Rxb5 axb5 35. Bd6 c3 36. Nc1 Nb2 37. Bc5 Nc4 38. Nb3 Ra8 39. Ke2
Nb2 40. Rc1 Na4 41. Bb4 Kf7 42. Nc5 Nb2 43. Rxc3 Nc4 44. Nb7 Nb6 45. Nd6+ Kg6
46. Nxb5 Nd5 47. Rc2 Rb8 48. Rc5 Rb6 49. Nc7 Nf6 50. d5 exd5 51. Nxd5 1-0

[Event "Mittelfränkischer Schachkongress 2016"]
[Site "Nürnberg"]
[Date "2016.03.24"]
[Round "6.12"]
[White "Böhme, Sebastian"]
[Black "Hannweber, Markus"]
[Result "1-0"]
[WhiteElo "1766"]
[BlackElo "2029"]
[PlyCount "39"]
[EventDate "2016.??.??"]
[WhiteTeam "SC Uttenreuth"]
[BlackTeam "SK Nürnberg"]

1. e4 e5 2. Nc3 Nc6 3. Bc4 Bc5 4. Qg4 Qf6 5. Nd5 Qxf2+ 6. Kd1 Kf8 7. Nh3 Qd4 8.
d3 d6 9. Qf3 Bxh3 10. Rf1 f5 11. c3 Nf6 12. Nxf6 gxf6 13. gxh3 f4 14. cxd4 Nxd4
15. Qh5 Ke7 16. Qf7+ Kd8 17. Be6 Nxe6 18. Qxe6 Rf8 19. Bd2 c6 20. b4 1-0

[Event "Mittelfränkischer Schachkongress 2016"]
[Site "Nürnberg"]
[Date "2016.03.24"]
[Round "6.13"]
[White "Junk, Philipp"]
[Black "Cordts, Elof"]
[Result "1-0"]
[WhiteElo "1781"]
[BlackElo "1749"]
[PlyCount "61"]
[EventDate "2016.??.??"]
[WhiteTeam "SC  JÄKLECHEMIE"]
[BlackTeam "SC Erlangen"]

1. e4 c5 2. Nc3 d6 3. f4 Nc6 4. Bb5 Bd7 5. Bxc6 Bxc6 6. Nf3 e6 7. O-O Be7 8. d3
Nf6 9. Qe1 Qc7 10. Kh1 h6 11. Qg3 Rg8 12. Bd2 O-O-O 13. Qe1 Nh7 14. d4 Bd7 15.
a4 g5 16. Nb5 Qb8 17. dxc5 dxc5 18. Ne5 f6 19. Nc4 gxf4 20. Bxf4 e5 21. Bg3 Rg6
22. Qa5 Bxb5 23. axb5 Rg4 24. Bxe5 fxe5 25. Rf7 Nf8 26. Rxe7 Nd7 27. b6 a6 28.
Rd1 Rxe4 29. Nd6+ Qxd6 30. Rxd6 Rf8 31. h3 1-0

[Event "Mittelfränkischer Schachkongress 2016"]
[Site "Nürnberg"]
[Date "2016.03.25"]
[Round "7.1"]
[White "Reis, Gerhard"]
[Black "Miller, Eduard"]
[Result "1/2-1/2"]
[WhiteElo "2220"]
[BlackElo "2259"]
[PlyCount "56"]
[EventDate "2016.??.??"]
[WhiteTeam "SW Nürnberg Süd"]
[BlackTeam "SC Erlangen"]

1. Nf3 c6 2. c4 Nf6 3. d4 g6 4. g3 Bg7 5. Bg2 O-O 6. O-O d6 7. Nc3 Bf5 8. Nh4
Be6 9. d5 cxd5 10. cxd5 Bd7 11. Be3 Ng4 12. Bd4 Bxd4 13. Qxd4 Qb6 14. Qd2 Na6
15. Nf3 Rac8 16. Rac1 Rc4 17. h3 Ne5 18. Nxe5 dxe5 19. d6 Rd4 20. Qh6 exd6 21.
e3 Rd3 22. Be4 Rd2 23. Bd5 Nc5 24. f4 Bc6 25. f5 Qxb2 26. fxg6 Rg2+ 27. Kh1
Rh2+ 28. Kg1 Rg2+ 1/2-1/2

[Event "Mittelfränkischer Schachkongress 2016"]
[Site "Nürnberg"]
[Date "2016.03.25"]
[Round "7.2"]
[White "Bildt, Maximilian"]
[Black "Walter, Thomas"]
[Result "0-1"]
[WhiteElo "1997"]
[BlackElo "2122"]
[PlyCount "68"]
[EventDate "2016.??.??"]
[WhiteTeam "SK Zirndorf"]
[BlackTeam "SC Erlangen"]

1. e4 e6 2. d4 d5 3. Nc3 Bb4 4. e5 c5 5. a3 Bxc3+ 6. bxc3 Ne7 7. Qg4 Qc7 8.
Qxg7 Rg8 9. Qxh7 cxd4 10. Ne2 Nbc6 11. f4 dxc3 12. Be3 Qa5 13. Nd4 Nxd4 14.
Bxd4 Qa4 15. Qd3 Nf5 16. Qb5+ Qxb5 17. Bxb5+ Bd7 18. Bxd7+ Kxd7 19. O-O-O Rxg2
20. Bxc3 Rh8 21. Rd2 Rxd2 22. Bxd2 Ng3 23. Rd1 Rxh2 24. c4 Ne2+ 25. Kb1 d4 26.
Bb4 Kc6 27. Rd2 b6 28. Kc2 a5 29. Be7 b5 30. Kb3 Rh3+ 31. Kb2 bxc4 32. Rxe2 c3+
33. Kb3 a4+ 34. Kxa4 d3 0-1

[Event "Mittelfränkischer Schachkongress 2016"]
[Site "Nürnberg"]
[Date "2016.03.25"]
[Round "7.3"]
[White "Fuchs, Gerhard"]
[Black "Süß, Stefan"]
[Result "0-1"]
[WhiteElo "1997"]
[BlackElo "2023"]
[PlyCount "72"]
[EventDate "2016.??.??"]
[WhiteTeam "SK Nürnberg"]
[BlackTeam "SC Noris-Tarrasch Nürnberg"]

1. d4 Nf6 2. Bg5 e6 3. e4 d6 4. Bd3 Be7 5. Nf3 Nbd7 6. c4 e5 7. O-O O-O 8. Nc3
c6 9. Qc2 Qc7 10. h3 Re8 11. d5 c5 12. a3 Nf8 13. b4 b6 14. Rab1 Ng6 15. Qd2
Nh5 16. Rfc1 h6 17. Be3 Ngf4 18. Bf1 f5 19. exf5 Bxf5 20. g4 Bxb1 21. Rxb1 Nf6
22. Bxf4 exf4 23. Qxf4 Rf8 24. Qf5 Qd7 25. Bd3 Qxf5 26. Bxf5 g6 27. Be6+ Kg7
28. bxc5 dxc5 29. Ne5 Ne8 30. Re1 Bh4 31. Ne4 Nf6 32. Nd3 Nxe4 33. Rxe4 Rf3 34.
Re3 Bxf2+ 35. Nxf2 Rxe3 36. a4 Rf8 0-1

[Event "Mittelfränkischer Schachkongress 2016"]
[Site "Nürnberg"]
[Date "2016.03.25"]
[Round "7.4"]
[White "Seibold, Hubert"]
[Black "Link, Andreas"]
[Result "1-0"]
[WhiteElo "2165"]
[BlackElo "1972"]
[PlyCount "97"]
[EventDate "2016.??.??"]
[WhiteTeam "SK Zirndorf"]
[BlackTeam "Zabo-Eintracht Nürnberg"]

1. Nf3 Nf6 2. g3 g6 3. Bg2 Bg7 4. c4 d6 5. d4 c6 6. O-O Qc7 7. Nc3 Nbd7 8. b3
a6 9. a4 a5 10. Ba3 O-O 11. Rc1 Re8 12. Nd2 e5 13. d5 Nc5 14. dxc6 bxc6 15. Nb5
Qb6 16. Nxd6 Rd8 17. Nxc8 Raxc8 18. Qc2 Ne6 19. e3 c5 20. Ne4 Nxe4 21. Bxe4 Ng5
22. Bg2 e4 23. Rfd1 Nf3+ 24. Kh1 f5 25. Rd5 Ne5 26. Bf1 Qb7 27. Rcd1 Rxd5 28.
cxd5 Rd8 29. Bc4 Kh8 30. Bb2 Qc7 31. Bc3 g5 32. Qd2 Nf3 33. Qb2 Ne5 34. Kg2 Qd6
35. Qd2 Rg8 36. h3 f4 37. exf4 Nf3 38. Bxg7+ Rxg7 39. Qxa5 gxf4 40. Qa8+ Rg8
41. Qc6 Qe5 42. Qe6 Qb2 43. d6 Rxg3+ 44. Kh1 Qd4 45. Qe8+ Kg7 46. Qf7+ Kh6 47.
Qxf4+ Rg5 48. Rxd4 cxd4 49. h4 1-0

[Event "Mittelfränkischer Schachkongress 2016"]
[Site "Nürnberg"]
[Date "2016.03.25"]
[Round "7.5"]
[White "Hirn, Oskar"]
[Black "Wittmann, Helmut"]
[Result "1/2-1/2"]
[WhiteElo "2209"]
[BlackElo "2079"]
[PlyCount "80"]
[EventDate "2016.??.??"]
[WhiteTeam "SC Noris-Tarrasch Nürnberg"]
[BlackTeam "BSG Wöhrlhaus"]

1. d4 Nf6 2. Nf3 e6 3. c3 c5 4. e3 b6 5. Nbd2 Be7 6. Bd3 Ba6 7. Bxa6 Nxa6 8.
O-O O-O 9. Qe2 Qc8 10. e4 cxd4 11. Nxd4 Nc5 12. e5 Nd5 13. Ne4 f5 14. exf6 Nxf6
15. Ng3 Qe8 16. Bg5 h6 17. Bxf6 Bxf6 18. Rad1 d5 19. Nf3 Qa4 20. b4 Ne4 21.
Nxe4 dxe4 22. Nd4 Rac8 23. Qxe4 Qxa2 24. Rd3 e5 25. Nf5 Qc4 26. Nd6 Qxe4 27.
Nxe4 Rc4 28. f3 a5 29. bxa5 bxa5 30. Ra1 Ra8 31. Nd2 Rc5 32. Ra4 Rb8 33. Ne4
Rcb5 34. Kf2 Bd8 35. Kg3 Rb2 36. Rd7 Rc2 37. Rd2 Rxd2 38. Nxd2 Rb2 39. Ne4 Rc2
40. h4 h5 1/2-1/2

[Event "Mittelfränkischer Schachkongress 2016"]
[Site "Nürnberg"]
[Date "2016.03.25"]
[Round "7.6"]
[White "Tong, Kevin"]
[Black "Heimrath, Reiner"]
[Result "0-1"]
[WhiteElo "2007"]
[BlackElo "2156"]
[PlyCount "114"]
[EventDate "2016.??.??"]
[WhiteTeam "SC Erlangen"]
[BlackTeam "SC Noris-Tarrasch Nürnberg"]

1. e4 e5 2. Nf3 d6 3. Bc4 c6 4. Nc3 Be7 5. h3 b5 6. Bb3 Nf6 7. d3 O-O 8. O-O a6
9. Re1 Nbd7 10. Ne2 Nc5 11. Ng3 Nxb3 12. axb3 c5 13. Bd2 Qc7 14. Ba5 Qc6 15.
Bc3 b4 16. Bd2 Ne8 17. Qe2 Nc7 18. Reb1 Nb5 19. c3 a5 20. Qd1 Re8 21. Qc2 Bd7
22. Nf1 f5 23. Ne3 g6 24. Nd5 Bd8 25. Re1 f4 26. Reb1 Rf8 27. Kf1 Qb7 28. Ke2
Bc6 29. c4 Nc7 30. Nxc7 Qxc7 31. Rg1 Qd7 32. Ra2 Kh8 33. Rh1 Ra7 34. Rg1 g5 35.
Rh1 h6 36. Raa1 Be7 37. Nh2 h5 38. f3 Rfa8 39. Ra2 a4 40. bxa4 b3 41. Qxb3 Bxa4
42. Rxa4 Rxa4 43. Bc3 Kh7 44. Rd1 Qa7 45. Qb5 Ra6 46. Qb3 Rb6 47. Qc2 Qa2 48.
Rc1 Rab8 49. Rb1 Rb3 50. Bd2 Rxb2 51. Rxb2 Rxb2 52. Qc1 Bd8 53. Nf1 Ba5 54. Qe1
Kg6 55. Qd1 Bb4 56. Qe1 Rb1 57. Qf2 Qc2 0-1

[Event "Mittelfränkischer Schachkongress 2016"]
[Site "Nürnberg"]
[Date "2016.03.25"]
[Round "7.7"]
[White "Böhme, Markus"]
[Black "Wagner, Florian"]
[Result "0-1"]
[WhiteElo "1937"]
[BlackElo "2137"]
[PlyCount "72"]
[EventDate "2016.??.??"]
[WhiteTeam "SC Uttenreuth"]
[BlackTeam "SC Noris-Tarrasch Nürnberg"]

1. c4 e5 2. Nc3 Nc6 3. g3 Bc5 4. Bg2 a6 5. e3 d6 6. Nge2 Ba7 7. O-O h5 8. h3 h4
9. g4 f5 10. f3 Nf6 11. d4 Qe7 12. b4 Qf7 13. c5 Nxb4 14. cxd6 cxd6 15. Ba3
Nbd5 16. Qd3 exd4 17. exd4 O-O 18. g5 Nxc3 19. Nxc3 Nh5 20. f4 Be6 21. Rab1 Bc4
22. Qd2 d5 23. Bxf8 Rxf8 24. Rbe1 Ng3 25. Rf3 Ne4 26. Nxe4 dxe4 27. Rc3 Rd8 28.
Kh1 Rxd4 29. Qc2 b5 30. Bf1 Qd5 31. Bxc4 bxc4 32. Qa4 e3+ 33. Kg1 Re4 34. Qxa6
Rxf4 35. g6 Qd7 36. Kh2 Qd2+ 0-1

[Event "Mittelfränkischer Schachkongress 2016"]
[Site "Nürnberg"]
[Date "2016.03.25"]
[Round "7.8"]
[White "Vogiatzis, Dimitrios"]
[Black "Erlbeck, Peter"]
[Result "1/2-1/2"]
[WhiteElo "2080"]
[BlackElo "2056"]
[PlyCount "23"]
[EventDate "2016.??.??"]
[WhiteTeam "SC Noris-Tarrasch Nürnberg"]
[BlackTeam "SW Nürnberg Süd"]

1. d4 f5 2. e4 fxe4 3. Nc3 Nf6 4. Bg5 Nc6 5. d5 Ne5 6. Qe2 Nf7 7. Bxf6 exf6 8.
Nxe4 Be7 9. O-O-O O-O 10. h4 f5 11. Ng3 d6 12. Nf3 1/2-1/2

[Event "Mittelfränkischer Schachkongress 2016"]
[Site "Nürnberg"]
[Date "2016.03.25"]
[Round "7.9"]
[White "Brenner, Christian"]
[Black "Böhme, Sebastian"]
[Result "1/2-1/2"]
[WhiteElo "2037"]
[BlackElo "1766"]
[PlyCount "60"]
[EventDate "2016.??.??"]
[WhiteTeam "Zabo-Eintracht Nürnberg"]
[BlackTeam "SC Uttenreuth"]

1. e4 e6 2. d4 d5 3. Nc3 Nf6 4. e5 Nfd7 5. f4 c5 6. Nf3 Nc6 7. Be3 Qb6 8. Na4
Qa5+ 9. c3 cxd4 10. b4 Nxb4 11. cxb4 Bxb4+ 12. Bd2 Bxd2+ 13. Nxd2 b6 14. Rb1
Ba6 15. Bxa6 Qxa6 16. Qb3 Rc8 17. Kf2 O-O 18. Rhc1 Nc5 19. Nxc5 Rxc5 20. Nf3
Rfc8 21. Rxc5 Rxc5 22. Nxd4 Rc4 23. Ne2 Kf8 24. Rc1 Re4 25. Rc2 f6 26. exf6
gxf6 27. Qc3 Kf7 28. Qc7+ Kg6 29. g4 Qd3 30. f5+ exf5 1/2-1/2

[Event "Mittelfränkischer Schachkongress 2016"]
[Site "Nürnberg"]
[Date "2016.03.25"]
[Round "7.10"]
[White "Leis, Stefan"]
[Black "Junk, Philipp"]
[Result "1-0"]
[WhiteElo "1970"]
[BlackElo "1781"]
[PlyCount "55"]
[EventDate "2016.??.??"]
[WhiteTeam "SC Mühlhof-Reichelsdorf"]
[BlackTeam "SC  JÄKLECHEMIE"]

1. d4 d5 2. c4 c6 3. Nf3 Nf6 4. Nc3 e6 5. Bg5 dxc4 6. e4 b5 7. e5 h6 8. Bh4 g5
9. Nxg5 hxg5 10. Bxg5 Nbd7 11. Qf3 Qb6 12. exf6 Bb7 13. Qe3 O-O-O 14. O-O-O b4
15. Ne4 c5 16. Bxc4 cxd4 17. Rxd4 e5 18. Rd5 Qc7 19. Rd2 Nb6 20. Rxd8+ Kxd8 21.
Qd3+ Ke8 22. b3 Bxe4 23. Qxe4 Bc5 24. Rd1 Kf8 25. h4 Bxf2 26. Kb1 a5 27. Bb5
Kg8 28. Qg4 1-0

[Event "Mittelfränkischer Schachkongress 2016"]
[Site "Nürnberg"]
[Date "2016.03.25"]
[Round "7.11"]
[White "Schlötterer, Hermann"]
[Black "Sattler, Stefan"]
[Result "0-1"]
[WhiteElo "1861"]
[BlackElo "2087"]
[PlyCount "74"]
[EventDate "2016.??.??"]
[WhiteTeam "Zabo-Eintracht Nürnberg"]
[BlackTeam "SK Herzogenaurach"]

1. d4 d5 2. g3 Nf6 3. Bg2 c6 4. Nf3 Bg4 5. c4 e6 6. Qc2 Nbd7 7. O-O Bf5 8. Qb3
Qb6 9. Qxb6 axb6 10. cxd5 exd5 11. Nc3 Be7 12. Ng5 h6 13. e4 dxe4 14. Ngxe4
Nxe4 15. Bxe4 Bxe4 16. Nxe4 Nf6 17. Re1 Kd7 18. f3 Nd5 19. Bd2 Ra4 20. Bc3 Rha8
21. a3 f5 22. Nf2 Nxc3 23. bxc3 Rxa3 24. Rab1 R8a6 25. Nd3 Rxc3 26. Ne5+ Kc7
27. Nxc6 Bf6 28. Nb4 Ra5 29. d5 Rxf3 30. Rbd1 Kd7 31. d6 Re5 32. Nd5 Rxe1+ 33.
Rxe1 Bd4+ 34. Kg2 Rf2+ 35. Kh3 Kxd6 36. Nf4 g5 37. Re6+ Kd7 0-1

[Event "Mittelfränkischer Schachkongress 2016"]
[Site "Nürnberg"]
[Date "2016.03.25"]
[Round "7.12"]
[White "Rausch, Wolfgang sr"]
[Black "Walter, Florian"]
[Result "0-1"]
[WhiteElo "1862"]
[BlackElo "2160"]
[PlyCount "42"]
[EventDate "2016.??.??"]
[WhiteTeam "SW Nürnberg Süd"]
[BlackTeam "SC Noris-Tarrasch Nürnberg"]

1. c4 c6 2. d4 d5 3. cxd5 cxd5 4. Nc3 Nc6 5. Bf4 Nf6 6. e3 Bf5 7. Bd3 g6 8. h3
Qb6 9. Rb1 e6 10. Nge2 Be7 11. O-O O-O 12. Bxf5 gxf5 13. Bh6 Rfc8 14. Nf4 Kh8
15. Nh5 Rg8 16. Nxf6 Bxf6 17. Qh5 Ne7 18. Qxf7 Rg6 19. Bf4 Rag8 20. g3 Qd8 21.
Qxe6 Bg7 0-1

[Event "Mittelfränkischer Schachkongress 2016"]
[Site "Nürnberg"]
[Date "2016.03.25"]
[Round "7.13"]
[White "Balhar, Michael"]
[Black "Hannweber, Markus"]
[Result "1/2-1/2"]
[WhiteElo "1795"]
[BlackElo "2029"]
[PlyCount "110"]
[EventDate "2016.??.??"]
[WhiteTeam "SC Erlangen"]
[BlackTeam "SK Nürnberg"]

1. e4 e5 2. Nf3 Nc6 3. Bc4 Bc5 4. c3 d6 5. d4 exd4 6. cxd4 Bb6 7. Nc3 h6 8. h3
Nf6 9. O-O O-O 10. Re1 Bd7 11. a3 Ne7 12. Bf4 Ng6 13. Bh2 Bc6 14. Bd3 Re8 15.
Bc2 Nf8 16. b4 a6 17. Qd2 Ng6 18. Rad1 Re7 19. d5 Bd7 20. e5 dxe5 21. Bxg6 fxg6
22. Bxe5 Rf7 23. Bd4 Bxd4 24. Qxd4 g5 25. Ne5 Re7 26. Ng6 Rxe1+ 27. Rxe1 Be8
28. Ne7+ Kf8 29. Qc5 Qd6 30. Nf5 Qxc5 31. bxc5 Rd8 32. d6 cxd6 33. Nxd6 Bc6 34.
Rb1 Rd7 35. f3 Ne8 36. Nc4 Rd3 37. Rc1 Bb5 38. Nxb5 axb5 39. Na5 Rxa3 40. Nxb7
Nc7 41. Nd6 b4 42. Rb1 Na6 43. Re1 g6 44. Re8+ Kg7 45. Re7+ Kf6 46. Rb7 Ke6 47.
Rb6 Kd5 48. Ne4 b3 49. Rd6+ Kc4 50. Rb6 Nxc5 51. Nd2+ Kd3 52. Rd6+ Kc2 53. Nxb3
Rxb3 54. Rxg6 Rb1+ 55. Kh2 Nd3 1/2-1/2

[Event "Mittelfränkischer Schachkongress 2016"]
[Site "Nürnberg"]
[Date "2016.03.25"]
[Round "7.14"]
[White "Cordts, Elof"]
[Black "Gajewski, Richard"]
[Result "0-1"]
[WhiteElo "1749"]
[BlackElo "1748"]
[PlyCount "38"]
[EventDate "2016.??.??"]
[WhiteTeam "SC Erlangen"]
[BlackTeam "Wolframs-Eschenbach"]

1. e4 e5 2. Nf3 Nc6 3. Bc4 h6 4. c3 d6 5. d3 f5 6. Nfd2 Nf6 7. exf5 Bxf5 8. Qb3
Na5 9. Qb5+ c6 10. Qb4 d5 11. Qa4 dxc4 12. dxc4 Bd3 13. Na3 Bxa3 14. Qxa3 b6
15. b3 Ng4 16. Qb2 O-O 17. f3 Ne3 18. Kf2 Qg5 19. Ne4 Qxg2+ 0-1

[Event "Mittelfränkischer Schachkongress 2016"]
[Site "Nürnberg"]
[Date "2016.03.25"]
[Round "8.1"]
[White "Walter, Thomas"]
[Black "Seibold, Hubert"]
[Result "1-0"]
[WhiteElo "2122"]
[BlackElo "2165"]
[PlyCount "77"]
[EventDate "2016.??.??"]
[WhiteTeam "SC Erlangen"]
[BlackTeam "SK Zirndorf"]

1. e4 c5 2. Nf3 e6 3. d4 cxd4 4. Nxd4 a6 5. c4 Nf6 6. Nc3 Qc7 7. Bg5 Bb4 8. Qd3
Nc6 9. Bxf6 gxf6 10. Rc1 Qe5 11. Nf3 Qf4 12. Rc2 Ne5 13. Nxe5 Qxe5 14. Be2 b6
15. O-O Bb7 16. f4 Qc7 17. a3 Bc5+ 18. Kh1 Rg8 19. Rd2 Rd8 20. b4 Bf8 21. Bh5
Be7 22. Qd4 Bc6 23. Nd1 b5 24. Ne3 bxc4 25. Ng4 d5 26. Nxf6+ Bxf6 27. Qxf6 Qe7
28. Qc3 dxe4 29. Rxd8+ Qxd8 30. Qxc4 Bb5 31. Qxe6+ Qe7 32. Qc8+ Qd8 33. Qe6+
Qe7 34. Bxf7+ Kf8 35. Qxe7+ Kxe7 36. Bxg8 Bxf1 37. Kg1 Bd3 38. Kf2 Kf8 39. Bd5
1-0

[Event "Mittelfränkischer Schachkongress 2016"]
[Site "Nürnberg"]
[Date "2016.03.25"]
[Round "8.2"]
[White "Wittmann, Helmut"]
[Black "Miller, Eduard"]
[Result "0-1"]
[WhiteElo "2079"]
[BlackElo "2259"]
[PlyCount "112"]
[EventDate "2016.??.??"]
[WhiteTeam "BSG Wöhrlhaus"]
[BlackTeam "SC Erlangen"]

1. d4 c6 2. Nf3 d6 3. Nc3 g6 4. e4 Bg7 5. Bc4 Nf6 6. e5 dxe5 7. Nxe5 O-O 8. O-O
Bf5 9. h3 Nd5 10. Re1 Nd7 11. Nxf7 Kxf7 12. g4 N7b6 13. Bxd5+ Nxd5 14. gxf5
gxf5 15. Qe2 Qd7 16. Nxd5 Qxd5 17. c4 Qd7 18. Bg5 Rae8 19. Rad1 Bxd4 20. Rxd4
Qxd4 21. Qe6+ Kg7 22. Bh6+ Kh8 23. Bxf8 Rxf8 24. Qxe7 Rg8+ 25. Kh1 Qxb2 26.
Qe5+ Qxe5 27. Rxe5 Rb8 28. Rxf5 Kg7 29. Rg5+ Kf6 30. Rh5 Kg6 31. Ra5 a6 32. f4
Rf8 33. Rg5+ Kh6 34. Rg4 Rf5 35. Kg2 Rc5 36. Kf3 Rxc4 37. Rg8 Ra4 38. Rb8 b5
39. Kg4 Kg6 40. Rg8+ Kf7 41. Rc8 Rxa2 42. Rxc6 b4 43. Kf5 Ra5+ 44. Ke4 Rb5 45.
Rxa6 b3 46. Ra1 b2 47. Rb1 Kf6 48. Kd3 Kf5 49. Kc2 h5 50. h4 Kxf4 51. Rf1+ Kg4
52. Rg1+ Kxh4 53. Kb1 Kh3 54. Rd1 Rb3 55. Rh1+ Kg4 56. Rg1+ Kf4 0-1

[Event "Mittelfränkischer Schachkongress 2016"]
[Site "Nürnberg"]
[Date "2016.03.25"]
[Round "8.3"]
[White "Süß, Stefan"]
[Black "Reis, Gerhard"]
[Result "1/2-1/2"]
[WhiteElo "2023"]
[BlackElo "2220"]
[PlyCount "64"]
[EventDate "2016.??.??"]
[WhiteTeam "SC Noris-Tarrasch Nürnberg"]
[BlackTeam "SW Nürnberg Süd"]

1. d4 Nf6 2. c4 g6 3. f3 Bg7 4. Nc3 O-O 5. e4 d6 6. Be3 b6 7. Qd2 c5 8. d5 e6
9. dxe6 Bxe6 10. O-O-O Nc6 11. Qxd6 Qxd6 12. Rxd6 Ne5 13. b3 Ne8 14. Rd1 Nxc4
15. Bxc4 Bxc4 16. bxc4 Bxc3 17. Ne2 Bg7 18. Rd3 Nc7 19. Rhd1 Na6 20. a3 Nb8 21.
Bd2 Nc6 22. Bc3 Bxc3 23. Rxc3 Rfd8 24. Rd5 Ne7 25. Rxd8+ Rxd8 26. Kc2 Nc6 27.
Rd3 Rxd3 28. Kxd3 g5 29. Ng3 Ne5+ 30. Kc3 g4 31. f4 Ng6 32. Nh5 Nh4 1/2-1/2

[Event "Mittelfränkischer Schachkongress 2016"]
[Site "Nürnberg"]
[Date "2016.03.25"]
[Round "8.4"]
[White "Bildt, Maximilian"]
[Black "Fuchs, Gerhard"]
[Result "1-0"]
[WhiteElo "1997"]
[BlackElo "1997"]
[PlyCount "133"]
[EventDate "2016.??.??"]
[WhiteTeam "SK Zirndorf"]
[BlackTeam "SK Nürnberg"]

1. e4 e6 2. d4 d5 3. Nc3 Bb4 4. exd5 exd5 5. Nge2 Nf6 6. Bg5 h6 7. Bh4 Bf5 8.
a3 Be7 9. Ng3 Be6 10. Bxf6 Bxf6 11. Qd2 Nc6 12. Bb5 O-O 13. Bxc6 bxc6 14. Na4
Qd6 15. O-O Bg4 16. h3 Bd7 17. Nc5 Rab8 18. b4 Kh7 19. Qd3+ g6 20. c3 Bc8 21.
f4 Bh4 22. Rae1 a5 23. Re3 Bxg3 24. Rxg3 Bf5 25. Qe2 axb4 26. cxb4 Ra8 27. Re3
Be4 28. Nb7 Qf6 29. Qd2 Rfb8 30. Na5 Rb6 31. Rc3 Bf5 32. Qe3 Bd7 33. Qe5 Kg7
34. Re1 Re8 35. Qxf6+ Kxf6 36. Rxe8 Bxe8 37. Kf2 Bd7 38. Re3 h5 39. Nb3 Rb8 40.
Nc5 Bf5 41. Ke2 h4 42. Kd2 Ra8 43. a4 Be4 44. Nxe4+ dxe4 45. Ra3 Ke6 46. a5 Kd5
47. Kc3 e3 48. Kd3 Re8 49. Ra1 Rb8 50. a6 e2 51. Ra5+ c5 52. Rxc5+ Kd6 53. Kxe2
Rxb4 54. Ra5 Rb8 55. a7 Ra8 56. Ra6+ Kd7 57. Kf3 Kc8 58. Kg4 Kb7 59. Ra1 Rxa7
60. Rxa7+ Kxa7 61. Kxh4 Kb6 62. g4 Kc6 63. Kg5 Kd5 64. h4 Kxd4 65. h5 gxh5 66.
gxh5 c5 67. h6 1-0

[Event "Mittelfränkischer Schachkongress 2016"]
[Site "Nürnberg"]
[Date "2016.03.25"]
[Round "8.5"]
[White "Hirn, Oskar"]
[Black "Heimrath, Reiner"]
[Result "1-0"]
[WhiteElo "2209"]
[BlackElo "2156"]
[PlyCount "85"]
[EventDate "2016.??.??"]
[WhiteTeam "SC Noris-Tarrasch Nürnberg"]
[BlackTeam "SC Noris-Tarrasch Nürnberg"]

1. d4 f5 2. g3 Nf6 3. Bg2 g6 4. c3 Bg7 5. Qb3 a5 6. a4 Na6 7. Nh3 e6 8. O-O O-O
9. Nd2 Kh8 10. Nc4 d5 11. Nxa5 Ra7 12. Qc2 c5 13. Nb3 c4 14. Nd2 Bd7 15. b3
cxb3 16. Qxb3 Qa8 17. Ba3 Rc8 18. Ng5 Kg8 19. Rfb1 h6 20. Ngf3 Kh7 21. Ne5 Be8
22. a5 Nd7 23. f4 Nxe5 24. fxe5 Nb8 25. Bc5 Rxc5 26. dxc5 Bc6 27. Nf3 Nd7 28.
Nd4 Qe8 29. a6 Bxe5 30. axb7 Rxa1 31. Rxa1 Nxc5 32. Qb6 Bxd4+ 33. cxd4 Nxb7 34.
Ra7 Qc8 35. e3 h5 36. Bf1 Kh6 37. Ba6 h4 38. gxh4 Kh5 39. Qb2 Kxh4 40. Bxb7 Qb8
41. Qf2+ Kg4 42. Qg2+ Kh5 43. Ra8 1-0

[Event "Mittelfränkischer Schachkongress 2016"]
[Site "Nürnberg"]
[Date "2016.03.25"]
[Round "8.6"]
[White "Böhme, Sebastian"]
[Black "Wagner, Florian"]
[Result "1-0"]
[WhiteElo "1766"]
[BlackElo "2137"]
[PlyCount "79"]
[EventDate "2016.??.??"]
[WhiteTeam "SC Uttenreuth"]
[BlackTeam "SC Noris-Tarrasch Nürnberg"]

1. e4 c5 2. Nc3 Nc6 3. g3 g6 4. Bg2 Bg7 5. d3 Rb8 6. f4 b5 7. Nf3 d6 8. Rb1 b4
9. Na4 e6 10. b3 Nge7 11. O-O O-O 12. Bb2 Nd4 13. Nxd4 cxd4 14. a3 a5 15. axb4
axb4 16. Qd2 Bd7 17. Ra1 Qc7 18. Rfc1 e5 19. Ra2 f5 20. Rca1 h5 21. Bc1 h4 22.
Nb2 Nc6 23. Qe2 Rbe8 24. Nc4 h3 25. Bh1 Kh7 26. Qf1 fxe4 27. Bxe4 Bg4 28. Ra6
d5 29. Bxd5 Ne7 30. Be4 Qd8 31. Nd6 Nf5 32. Nxe8 Qxe8 33. Bf3 Bxf3 34. Qxf3 Qd7
35. Qg4 Qf7 36. Qxh3+ Nh6 37. Ra7 Qd5 38. f5 Rf7 39. fxg6+ Kxg6 40. R1a6+ 1-0